000 00519nam a2200169Ia 4500
008 090201s9999 xx 000 0 und d
010 _aKPL-24187
040 _bमराठी
041 _aमराठी
082 _a43946
_b24187
100 _aशिरीष कणेकर
245 _aगाये चले जा
_cशिरीष कणेकर
260 _c2005
_bमनोहर प्रकाशन
300 _a143
_bमोठा
600 _aगाये चले जा
942 _cBOOK
999 _c240984
_d240984